000 00578cas a22001935a 4500
001 L138065
008 070515c19991999xxkur p 0 a0eng u
035 _a(Sirsi) u138065
041 0 _aeng
110 2 _aRoyal Institution of Chartered Surveyors
_bCity of London Branch
_95187
245 0 0 _aCitiview
260 _aLondon
_bRICS
_c[198?]-1999
362 0 _a(16) September 1993-(18) May 1994; (27) January 1998-(28) May 1998
554 _aUnknown
651 4 _aLONDON
690 _aMANAGEMENT-BUSINESS MANAGEMENT-PROFESSIONAL PRACTICE
785 0 0 _tCity Link
942 _n0
999 _c118936
_d118936